Tiger Quiz - Statistics

General Stats
  • This quiz has been taken 93 times
    75 since last reset
  • The average score is 9 of 11
Answer Stats
Question Answer % Correct
What three colours is the average tiger? Orange
96%
Do tigers eat meat or plants? Meat
95%
Do tigers like water? Yes
95%
Do tigers live in Africa? No
91%
What three colours is the average tiger? White
91%
What three colours is the average tiger? Black
89%
Do tigers live in the jungle or the desert? Jungle
89%
What sound do tigers make? Roar
84%
What is a baby tiger called? Cub
80%
What is the biggest species of tiger? Bengal Tiger
65%
What is the smallest species of tiger? Sumatran Tiger
33%
No matching quizzes found
Score Distribution
Percent of People with Each Score
Percentile by Number Answered
Your Score History
You have not taken this quiz since the last reset